Loading...
| Philosophy | 0 | 8 | 1 | 2 | 75 | 59 | 99.13 | 3 | 4 | 0.00 | 0.00 |
| Literature - British | 0 | 8 | 2 | 0 | 70 | 42 | 103.38 | 1 | 2 | 0.00 | 0.00 |
| Literature - World | 0 | 7 | 0 | 1 | 70 | 70 | 104.29 | 1 | 2 | 0.00 | 0.00 |
| Literature - European | 0 | 6 | 1 | 0 | 55 | 87 | 93.33 | 0 | 5 | 0.00 | 0.00 |
| Social Science | 0 | 5 | 0 | 0 | 50 | 70 | 86.20 | 1 | 3 | 0.00 | 0.00 |
| Other Academic | 0 | 5 | 0 | 0 | 50 | 86 | 109.80 | 0 | 0 | 0.00 | 0.00 |
| Fine Arts - Other | 0 | 5 | 1 | 0 | 45 | 85 | 114.00 | 0 | 1 | 0.00 | 0.00 |
| Painting & Sculpture | 0 | 5 | 1 | 0 | 45 | 74 | 85.40 | 2 | 3 | 0.00 | 0.00 |
| Literature - American | 0 | 5 | 1 | 1 | 45 | 58 | 106.60 | 1 | 1 | 0.00 | 0.00 |
| Science - Chemistry | 0 | 3 | 0 | 0 | 30 | 91 | 95.33 | 0 | 0 | 0.00 | 0.00 |
| Science - Physics | 0 | 3 | 2 | 1 | 20 | 60 | 93.67 | 0 | 1 | 0.00 | 0.00 |
| Current Events | 0 | 2 | 0 | 1 | 20 | 75 | 109.50 | 0 | 0 | 0.00 | 0.00 |
| Fine Arts - Classical Music | 0 | 1 | 0 | 0 | 10 | 137 | 137.00 | 0 | 0 | 0.00 | 0.00 |
| Science - Biology | 0 | 1 | 0 | 0 | 10 | 99 | 99.00 | 0 | 0 | 0.00 | 0.00 |
| Mythology | 0 | 1 | 0 | 0 | 10 | 109 | 109.00 | 0 | 0 | 0.00 | 0.00 |
| Science - Other | 0 | 2 | 4 | 0 | 0 | 55 | 59.00 | 0 | 2 | 0.00 | 0.00 |